| 000 | 00375nam a2200145Ia 4500 | ||
|---|---|---|---|
| 008 | 240307s9999||||xx |||||||||||||| ||und|| | ||
| 020 | _a9789388756594 | ||
| 082 |
_a610 _bRee/A |
||
| 100 | _aGupta,Reena | ||
| 245 | 2 | _aA Textbook of Pharmacognosy & Phytochemistry-2 | |
| 250 | _a1st Edition | ||
| 260 |
_aAgra _bR.Narain Pub & Distributors |
||
| 300 | _a176p. | ||
| 942 | _cBK | ||
| 999 |
_c43172 _d43172 |
||